logo

Bir Sreshtho Munshi Abdur Rouf Library
Jhenaidah Cadet College

Dipu Number Two / (Record no. 1737)

MARC details
000 -LEADER
fixed length control field 00537nam a2200205 a 4500
001 - CONTROL NUMBER
JCCL Control Number 1737
003 - CONTROL NUMBER IDENTIFIER
JCCL marc code BD-JhCC
005 - DATE AND TIME OF LATEST TRANSACTION
control field 20181112134017.0
008 - FIXED-LENGTH DATA ELEMENTS--GENERAL INFORMATION
fixed length control field 171023s2013 bg |||| |||| 000 0 eng d
035 ## - SYSTEM CONTROL NUMBER
system control number (BD-JhCC)1737
040 ## - CATALOGING SOURCE
Original cataloging agency BD-JhCC
Modifying agency BD-JhCC
041 ## - LANGUAGE CODE
Language code of Book eng
082 ## - DEWEY DECIMAL CLASSIFICATION NUMBER
Classification number 891.443
Author mark and Year IQB 2013
100 ## - MAIN ENTRY--PERSONAL NAME
Personal name Iqbal, Muhammed Zafar
245 ## - TITLE STATEMENT
Title Dipu Number Two /
Statement of responsibility, etc Muhammed Zafar Iqbal; Yeshim Iqbal (Translated)
260 ## - PUBLICATION, DISTRIBUTION, ETC. (IMPRINT)
Place of publication, distribution, etc Dhaka :
Name of publisher, distributor, etc Somoy ;
Date of publication, distribution, etc 2013
300 ## - PHYSICAL DESCRIPTION
Pagination 95 p. :
Dimensions 22 cm
650 ## - SUBJECT ADDED ENTRY--TOPICAL TERM
Topical term or geographic name as entry element Bengali Novel
942 ## - ADDED ENTRY ELEMENTS (KOHA)
Source of classification or shelving scheme Dewey Decimal Classification
Koha item type Books
Koha issues (borrowed), all copies 2
Holdings
Source of classification or shelving scheme Damaged status Not for loan Home library Current library Shelving location Date of accession Source of acquisition Cost, normal purchase price Total Checkouts Full call number Barcode Date last seen Date checked out Copy number Koha item type
Dewey Decimal Classification     JCC Rouf Library JCC Rouf Library General Stacks 10/23/2017 IPDC 150.00 2 891.443 IQB 2013 3032 04/12/2020 04/09/2020 C-1 Books

JCC Library | Contacts | JCC Home

Last Update on 23 September 2017
Copyright @ 2017-2020 JCC Rouf Library
Rouf Library, Jhenidah Cadet College (JCC), Bangladesh